000 01431cam a22003737a 4500
003 CHAP
005 20220329134524.0
008 971013s1994 r 00010 d
010 _a21575
011 _a22547
035 _a26642
040 _cCHAP
082 _a338.972 I59 1993
_bTamps.
110 _aInstituto Nacional de Estadística, Geografía e Informática. México
_959304
245 0 _aCuaderno estadístico municipal
_b: Tamaulipas
260 _aAguascalientes, Ags. :
_bINEGI,
_c1994-
300 _av.
_b; gráfs. ; cuadros
500 _ac. de Cuaderno de información básica para la planeación municipal
500 _aLa biblioteca tiene: v.1 Matamoros
590 _aBATCH-UPD
_b10
_c20130110
_lUCH01
_h0138
590 _aBATCH-UPD
_b10
_c20130110
_lUCH01
_h1829
590 _aBATCH-UPD
_b10
_c20130409
_lUCH01
_h2135
590 _aBATCH-UPD
_b10
_c20130410
_lUCH01
_h1201
590 _aBATCH-UPD
_b10
_c20130913
_lUCH01
_h2043
590 _aCONVERSION
_b10
_c20130109
_lUCH01
_h1313
650 1 4 _aAgricultura
_xEstadísticas
_zTamaulipas.
_91469
650 1 4 _aGanadería
_xEstadísticas
_zTamaulipas.
_944728
650 1 4 _aTamaulipas
_xCondiciones económicas.
_9111522
650 1 4 _aTamaulipas
_xCondiciones sociales.
_9111524
650 1 4 _aTamaulipas
_xEstadísticas.
_9111529
901 _aBK
942 _cLIBRO
949 _a338.972 I59 1993 Tamps.
_bBC
_cINEGI
_d33724000551701
_eINEGI
_fv.1
_gI.c/e
_h8329
_i26642
_si
_t15.00
999 _c21575
_d21575